Catálogo
 En Linea

Axiomas de religión : (Registro nro. 23637)

Detalles MARC
000 -CABECERA
campo de control de longitud fija 00644nam a2200193 a 4500
001 - NÚMERO DE CONTROL
campo de control 000024143
005 - FECHA Y HORA DE LA ÚLTIMA TRANSACCIÓN
campo de control 20200930022744.0
008 - DATOS DE LONGITUD FIJA--INFORMACIÓN GENERAL
campo de control de longitud fija 110119s1948 xxu r 001 0 spa d
040 ## - FUENTE DE LA CATALOGACIÓN
Centro catalogador/agencia de origen DO-SdBNP
Lengua de catalogación spa
Centro/agencia transcriptor BNPHU
082 ## - NÚMERO DE LA CLASIFICACIÓN DECIMAL DEWEY
Número de clasificación xxxxxx
Número de documento/Ítem M959a
049 ## - FONDOS LOCALES (OCLC)
Fondos de biblioteca BNGR
100 1# - ENTRADA PRINCIPAL--NOMBRE DE PERSONA
Nombre de persona Mullins, E. Y.
9 (RLIN) 49571
245 10 - MENCIÓN DE TÍTULO
Título Axiomas de religión :
Resto del título una nueva interpretación de la fe bautista /
Mención de responsabilidad, etc. E. Y. Mullins ; traducción Félix Buldain y J. E. Davis.
250 ## - MENCIÓN DE EDICIÓN
Mención de edición 2a ed.
260 ## - PUBLICACIÓN, DISTRIBUCIÓN, ETC.
Lugar de publicación, distribución, etc. Texas :
Nombre del editor, distribuidor, etc. Casa Bautista de Publicaciones,
Fecha de publicación, distribución, etc. 1948.
300 ## - DESCRIPCIÓN FÍSICA
Extensión 282 p. ;
Dimensiones 20 cm.
500 ## - NOTA GENERAL
Nota general Incluye índice general.
700 1# - PUNTO DE ACCESO ADICIONAL--NOMBRE DE PERSONA
Nombre de persona Buldain y J. E. Davis, Félix
9 (RLIN) 49572
Existencias
Estado de retiro Estado de pérdida Restricciones de uso No para préstamo Código de colección Localización permanente Ubicación/localización actual Ubicación en estantería Fecha de adquisición Número de inventario Total de préstamos Signatura topográfica completa Código de barras Fecha visto por última vez Precio válido a partir de Tipo de ítem Koha
        Monografías: Libros y Folletos General General En catalogación 19.01.2011 LF1   xxxxxx M959a 24143-10 25.06.2020 25.06.2020 Préstamo en sala

Con tecnología Koha